003210000a22001210004500060000800000082002000008100001700028245005000045260005900095260000900154300000800163650002800171 a100 a582.130 433 MAH aMaheswari, P aIntroduction to the Embryology of Angiosperms aBombay, Tata mc graw - hill publishing company limited c1950 a453 aAngiosperms / Embrylogy